00894 2200337 4500001002100000005001700021020002200038035002400060040001200084082001900096084001900115090001900134100002000153245005400173250001700227260003300244300004100277500002700318650002900345850001200374990001700386990001700403990001700420990001700437990001700454990001700471990001700488990001700505990001700522990001700539YOGYA00000000010138520141008085307.0 a978-979-756-494-0 0010-031400000000221 aYOPDYOG 2[22]a657.0285 a657.0285 Tar M a657.0285 Tar M aTARYANA SURYANA aMYOB accountingc/ Taryana Suryana, Koesheryatin. aEd.1, cet. 1 aYogyakartabGraha Ilmuc2013 axi, 186 hlm.bilus.c23 cm. (5 eks.) aBibliografi : hlm. 183 aKomputer dalam akuntansi aYOPDYOG a5966/PD.2014 a5967/PD.2014 a5968/PD.2014 a5969/PD.2014 a5970/PD.2014 a5970/PD.2014 a5966/PD.2014 a5967/PD.2014 a5968/PD.2014 a5969/PD.2014